| 000 | 004600000a22001930004500 | ||
|---|---|---|---|
| 001 | 002970 | ||
| 003 | MACL | ||
| 005 | 20150910123247.0 | ||
| 008 | 150910b xxu||||| |||| 00| 0 eng d | ||
| 040 |
_aMACL _cMACL |
||
| 041 | _aEnglish | ||
| 082 | _a821/KAW | ||
| 100 |
_aKaw, M.K. _99809 |
||
| 245 |
_a Life Is A Squirrel _cM.K. Kaw |
||
| 260 |
_aDelhi _c1998 _bKonark Publishers, |
||
| 350 | _a125 | ||
| 650 |
_aEnglish Poetry _96237 |
||
| 942 |
_k821 _cBK _2ddc |
||
| 999 |
_c14876 _d14876 |
||